Statistics for Capitals of South America

Click here to take the quiz!

General Stats

  • This quiz has been taken 21 times
  • The average score is 10 of 12

Answers on the Map

Answers color-coded by a green-red scale on the quiz's map according to % correct below.
 

Answer Stats

Answer% Correct
Brasília
100%
Buenos Aires
100%
Lima
95%
La Paz
90%
Santiago
90%
Bogotá
86%
Caracas
86%
Georgetown
81%
Montevideo
76%
Asunción
71%
Quito
71%
Paramaribo
57%

Score Distribution

Percentile by Number Answered

Percent of People with Each Score

Your Score History

You have not taken this quiz